| 000 | 00871nac a22002291u 4500 | ||
|---|---|---|---|
| 010 | _a 95017340 | ||
| 020 | _a1560322977 (case : alk. paper) | ||
| 082 | 0 | 0 |
_a665.53 _bMUS |
| 090 |
_c6473 _d6473 |
||
| 100 | _aMushrush, George W. | ||
| 245 | 1 | 0 |
_aPetroleum products : _binstability and incompatibility / _cGeorge W. Mushrush and James G. Speight. |
| 260 |
_aWashington, D.C. : _bTaylor & Francis,c1995. _cc1995. |
||
| 300 |
_ax, 390 p. : _bill. ; _c24 cm. |
||
| 440 | 0 | _aApplied energy technology series | |
| 500 | _aDistributer: Al-Ahram. | ||
| 504 | _aIncludes bibliographical references and index. | ||
| 511 | _aCatalogued By: Mahitab. | ||
| 650 | 0 | _aPetroleum products. | |
| 700 | 1 | _aSpeight, J. G. | |
| 942 |
_cBB _k665.53MUS |
||
| 999 |
_c6473 _d6473 |
||